[Event "12. Sueder Sommerpokal"]
[Site "Recklinghausen"]
[Date "2001.08.11"]
[Round "8"]
[White "Feygin, Michail"]
[Black "Khenkin, Igor"]
[Result "1/2-1/2"]
[WhiteElo "2461"]
[BlackElo "2579"]
[PlyCount "27"]

1. e4 c6 2. d4 d5 3. Nd2 dxe4 4. Nxe4 Bf5 5. Ng3 Bg6 6. h4 h6 7. Nf3 Nd7 8. h5
Bh7 9. Bd3 Bxd3 10. Qxd3 e6 11. Bf4 Qa5+ 12. Bd2 Qc7 13. O-O-O Ngf6 14. Ne4
1/2-1/2

[Event "12. Sueder Sommerpokal"]
[Site "Recklinghausen"]
[Date "2001.08.11"]
[Round "8"]
[White "Podzielny, Karl-Heinz"]
[Black "Gofshtein, Leonid"]
[Result "1-0"]
[WhiteElo "2477"]
[BlackElo "2518"]
[PlyCount "57"]

1. Nf3 e6 2. g3 b6 3. Bg2 Bb7 4. c4 c5 5. O-O Nf6 6. Nc3 Be7 7. Re1 d6 8. e4 a6
9. d4 cxd4 10. Nxd4 Qc7 11. Be3 Nbd7 12. f4 Rc8 13. Rc1 Qb8 14. Qe2 O-O 15. g4
Nc5 16. Bf2 d5 17. cxd5 Qxf4 18. h3 Rfd8 19. Rcd1 h5 20. dxe6 fxe6 21. b4 Qe5
22. g5 Nh7 23. g6 Nf8 24. bxc5 bxc5 25. Nf5 exf5 26. Qc4+ Qe6 27. Nd5 Bxd5 28.
exd5 Qd6 29. Rxe7 1-0

[Event "12. Sueder Sommerpokal"]
[Site "Recklinghausen"]
[Date "2001.08.11"]
[Round "8"]
[White "Mainka, Romuald"]
[Black "Kalka, Arkadius Georg"]
[Result "0-1"]
[WhiteElo "2459"]
[BlackElo "2386"]
[PlyCount "128"]

1. e4 c5 2. Nf3 d6 3. d4 cxd4 4. Nxd4 Nf6 5. Nc3 g6 6. Be3 Bg7 7. Qd2 Nc6 8. f3
O-O 9. g4 Nxd4 10. Bxd4 Be6 11. h4 Qa5 12. h5 Rfc8 13. a3 Rab8 14. hxg6 hxg6
15. O-O-O b5 16. Nd5 Qxd2+ 17. Rxd2 Nxd5 18. exd5 Bxd4 19. Rxd4 Bd7 20. g5 Kg7
21. Rdh4 Rg8 22. Bd3 e6 23. dxe6 Bxe6 24. Kd2 Rbc8 25. b4 a6 26. R1h2 Rc6 27.
Rh7+ Kf8 28. R2h4 Rg7 29. R7h6 Rg8 30. Rf4 Ke7 31. Rf6 Rcc8 32. Rh7 Rcf8 33.
Bxg6 Rh8 34. f4 Bc4 35. Be4 Rxh7 36. Bxh7 a5 37. Bd3 Rc8 38. c3 axb4 39. axb4
d5 40. Ra6 Rh8 41. Rh6 Ra8 42. Rb6 Ra2+ 43. Ke3 d4+ 44. Ke4 dxc3 45. Bxc4 c2
46. Bxa2 c1=Q 47. Ra6 Kf8 48. Ra8+ Kg7 49. Ra7 Qc2+ 50. Ke3 Qc3+ 51. Ke2 Kg6
52. Ra6+ Kf5 53. Bb1+ Kxf4 54. Rf6+ Kxg5 55. Rf1 Qxb4 56. Bd3 Qb2+ 57. Ke3 Qe5+
58. Kd2 Qh2+ 59. Kc3 Qc7+ 60. Kd2 b4 61. Rf5+ Kg4 62. Rb5 Qc3+ 63. Ke3 b3 64.
Rb7 f5 0-1

[Event "12. Sueder Sommerpokal"]
[Site "Recklinghausen"]
[Date "2001.08.11"]
[Round "8"]
[White "Hillarp Persson, Tiger"]
[Black "Koscielski, Janusch"]
[Result "1-0"]
[WhiteElo "2438"]
[BlackElo "2335"]
[PlyCount "81"]

1. d4 Nf6 2. c4 g6 3. Nc3 Bg7 4. e4 d6 5. Be2 O-O 6. Nf3 e5 7. Be3 c6 8. O-O
Qe7 9. Qc2 Ng4 10. Bg5 f6 11. Bh4 h5 12. h3 Nh6 13. c5 exd4 14. cxd6 Qxd6 15.
Rad1 f5 16. Bc4+ Kh8 17. Nxd4 Bxd4 18. Qd2 Kg7 19. Qxd4+ Qxd4 20. Rxd4 Nd7 21.
Rfd1 Ne5 22. Bb3 f4 23. Be7 Re8 24. Bd6 Nhf7 25. Bxf7 Kxf7 26. h4 Bg4 27. f3
Bxf3 28. gxf3 Nxf3+ 29. Kf2 Nxd4 30. Rxd4 Ke6 31. Ne2 Rad8 32. Nxf4+ Kf7 33.
Ke3 Kf6 34. Kf3 b6 35. e5+ Kg7 36. Rd2 Kf7 37. Rg2 Rg8 38. Ke4 Rde8 39. Rf2 Kg7
40. Nh3 Rd8 41. Ng5 1-0

[Event "12. Sueder Sommerpokal"]
[Site "Recklinghausen"]
[Date "2001.08.11"]
[Round "8"]
[White "Rotstein, Jefim"]
[Black "Bischoff, Klaus"]
[Result "0-1"]
[WhiteElo "2364"]
[BlackElo "2541"]
[PlyCount "84"]

1. e4 c5 2. Nf3 e6 3. Nc3 a6 4. d4 cxd4 5. Nxd4 Qc7 6. g3 Bb4 7. Nde2 Nf6 8.
Bg2 Be7 9. O-O O-O 10. h3 Nc6 11. Be3 d6 12. g4 b5 13. g5 Nd7 14. a3 Re8 15.
Ng3 Bb7 16. f4 Na5 17. h4 Rac8 18. h5 Nc4 19. Bc1 Bf8 20. Kh2 g6 21. Qe2 Bg7
22. Nd1 f5 23. gxf6 Nxf6 24. hxg6 hxg6 25. Nf2 Kf7 26. Nh3 Rh8 27. Kg1 Ke7 28.
Ng5 Nh7 29. Nf3 Qc5+ 30. Rf2 Bxb2 31. Bxb2 Nxb2 32. f5 Nc4 33. Nh4 Nf8 34. fxg6
Rxh4 35. Nf5+ exf5 36. exf5+ Ne5 37. Bxb7 Rb8 38. f6+ Kd7 39. g7 Ne6 40. Be4
Nf4 41. Bf5+ Kc7 42. Qd1 Qe3 0-1

[Event "12. Sueder Sommerpokal"]
[Site "Recklinghausen"]
[Date "2001.08.11"]
[Round "8"]
[White "Rotstein, Arkadij"]
[Black "Wilde, Pierre"]
[Result "1-0"]
[WhiteElo "2499"]
[BlackElo "2272"]
[PlyCount "113"]

1. e4 c5 2. d3 Nc6 3. g3 g6 4. Bg2 Bg7 5. f4 d6 6. Nf3 e6 7. O-O Nge7 8. c3 O-O
9. Na3 Rb8 10. Nc2 b5 11. a3 a5 12. Ne3 d5 13. e5 d4 14. Ng4 Nd5 15. c4 bxc4
16. dxc4 Nb6 17. Nd2 Bb7 18. Nf2 Qc7 19. Nd3 Ne7 20. Bxb7 Rxb7 21. g4 Qc6 22.
a4 Nd7 23. Qe2 f6 24. exf6 Nxf6 25. Re1 Rb6 26. Ra3 Rfb8 27. Ne5 Qc7 28. Rg3
Nc6 29. Nd3 Nb4 30. Nxb4 axb4 31. Nf3 Nd7 32. Ng5 Nf8 33. Ne4 Rd8 34. b3 Rbb8
35. Nf2 Re8 36. Nd3 Nd7 37. Qe4 Nf6 38. Qf3 Rbd8 39. Rg2 Re7 40. Rge2 Rde8 41.
h4 Nd7 42. h5 gxh5 43. g5 Nf8 44. Qxh5 Ng6 45. Qh3 Qc6 46. Re4 Qd6 47. R1e2 Qc6
48. Bd2 Bf8 49. Nf2 Bg7 50. Ng4 Rf8 51. Rxe6 Rxe6 52. Rxe6 Qc8 53. f5 Rxf5 54.
Nh6+ Bxh6 55. Qxf5 Bg7 56. Qd5 Kh8 57. Qc6 1-0

[Event "12. Sueder Sommerpokal"]
[Site "Recklinghausen"]
[Date "2001.08.11"]
[Round "8"]
[White "Dresen, Ulrich"]
[Black "Schebler, Gerhard"]
[Result "1/2-1/2"]
[WhiteElo "2233"]
[BlackElo "2485"]
[PlyCount "36"]

1. Nf3 g6 2. d4 Bg7 3. e3 Nf6 4. Be2 O-O 5. O-O c5 6. Nbd2 cxd4 7. exd4 d5 8.
c3 Nc6 9. Re1 Ne4 10. Nxe4 dxe4 11. Ng5 Qd5 12. Qb3 Qa5 13. Qb5 Qxb5 14. Bxb5
f5 15. Bc4+ Kh8 16. Nf7+ Kg8 17. Nh6+ Kh8 18. Nf7+ Kg8 1/2-1/2

[Event "12. Sueder Sommerpokal"]
[Site "Recklinghausen"]
[Date "2001.08.11"]
[Round "8"]
[White "Genkin, Michael"]
[Black "Eismont, Oleg"]
[Result "1/2-1/2"]
[WhiteElo "2266"]
[BlackElo "2443"]
[PlyCount "134"]

1. d4 Nf6 2. c4 e6 3. Nc3 Bb4 4. e3 c5 5. Bd3 Nc6 6. Nge2 O-O 7. O-O cxd4 8.
exd4 d5 9. Be3 dxc4 10. Bxc4 b6 11. Qa4 Bb7 12. Rfd1 Bxc3 13. Nxc3 Ne7 14. Bg5
Ned5 15. Ne4 h6 16. Bh4 g5 17. Nxf6+ Qxf6 18. Bg3 Nf4 19. Bf1 Rfd8 20. Bxf4
Qxf4 21. Rac1 a6 22. Rc3 Rd6 23. Rc7 Bd5 24. Rdc1 b5 25. Qa3 Rdd8 26. b3 Qxd4
27. Qe7 Qf4 28. R1c3 Kg7 29. Qc5 Be4 30. Re3 Bd5 31. h3 Qf6 32. Re1 Kg8 33. Rc1
Qf4 34. Qe7 Be4 35. Re1 Rdc8 36. Rxc8+ Rxc8 37. Qd7 Ra8 38. Rd1 Bd5 39. Rd3 Qf6
40. Qc7 Kg7 41. Rc3 Qd4 42. Rc5 Be4 43. Re5 Bd5 44. Re3 Ra7 45. Qd8 Rb7 46. Qd6
Rb6 47. Qd7 Rc6 48. Rf3 e5 49. Rxf7+ Bxf7 50. Qxc6 b4 51. Qxa6 e4 52. Qb7 Kf6
53. Qc6+ Kg7 54. Qb7 Kf6 55. Qa6+ Kg7 56. Qe2 Kf6 57. g3 Bd5 58. Qe3 Qxe3 59.
fxe3 Ke5 60. Be2 Bc6 61. Kf2 Bd7 62. g4 Kd6 63. Ke1 Kc5 64. Kd2 Kb6 65. Kc2 Ka5
66. Kb2 Bc6 67. a3 Bb7 1/2-1/2

[Event "12. Sueder Sommerpokal"]
[Site "Recklinghausen"]
[Date "2001.08.11"]
[Round "8"]
[White "Halasz, Tamas"]
[Black "Eismont, Igor"]
[Result "1-0"]
[WhiteElo "2382"]
[BlackElo "2238"]
[PlyCount "89"]

1. d4 d5 2. c4 c6 3. e3 Nf6 4. Nc3 g6 5. Nf3 Bg7 6. cxd5 cxd5 7. Qb3 O-O 8. Bd2
Nc6 9. Rc1 Qd6 10. Be2 Rd8 11. O-O h6 12. Rfd1 Qb8 13. Be1 Bf5 14. Na4 Ne4 15.
Nd2 Nxd2 16. Bxd2 Qc7 17. Bf3 e6 18. g4 Be4 19. Bxe4 dxe4 20. Nc5 Rab8 21. Nxe4
Qe7 22. f4 Qh4 23. Nf2 g5 24. fxg5 hxg5 25. Qc4 Rd7 26. Bc3 Rbd8 27. Kg2 Ne7
28. Qe2 Nd5 29. Qf3 f5 30. Bd2 Rf7 31. Qg3 Qxg3+ 32. hxg3 f4 33. gxf4 gxf4 34.
exf4 Nxf4+ 35. Bxf4 Rxf4 36. Kg3 Rdf8 37. Nh3 Rxd4 38. Rxd4 Bxd4 39. b3 Rf7 40.
Ng5 Re7 41. Kf3 Kg7 42. Rc7 Kf6 43. Ne4+ Kf7 44. Nd6+ Kf6 45. g5+ 1-0

[Event "12. Sueder Sommerpokal"]
[Site "Recklinghausen"]
[Date "2001.08.11"]
[Round "8"]
[White "Bakhmatov, Eduard"]
[Black "Ritter, Uwe"]
[Result "1-0"]
[WhiteElo "2276"]
[BlackElo "2094"]
[PlyCount "42"]

1. e4 c6 2. d4 d5 3. exd5 cxd5 4. c4 Nf6 5. Nc3 e6 6. c5 Nc6 7. Nf3 b6 8. b4
bxc5 9. bxc5 Bd7 10. Bd3 Be7 11. O-O Nb4 12. Bb1 Qa5 13. a3 Rb8 14. Bf4 Rb7 15.
Qb3 Nc6 16. Qxb7 Qxc3 17. Ra2 Nxd4 18. Nxd4 Qxd4 19. Qb8+ Bd8 20. Bc7 O-O 21.
Bxd8 Qxc5 1-0

[Event "12. Sueder Sommerpokal"]
[Site "Recklinghausen"]
[Date "2001.08.11"]
[Round "8"]
[White "Wicht, Juergen"]
[Black "Berelovich, Aleksandar"]
[Result "0-1"]
[WhiteElo "2197"]
[BlackElo "2513"]
[PlyCount "110"]

1. d4 Nf6 2. c4 e6 3. Nf3 c5 4. d5 exd5 5. cxd5 g6 6. Nc3 d6 7. e4 Bg7 8. Be2
O-O 9. O-O a6 10. a4 Bg4 11. h3 Bxf3 12. Bxf3 Nbd7 13. Re1 Rb8 14. Be2 Ne8 15.
Qc2 Nc7 16. a5 Re8 17. Bf4 Qe7 18. Bf1 b5 19. axb6 Rxb6 20. Bd2 Bd4 21. Na4 Rb7
22. Nc3 Qf6 23. Be3 Reb8 24. Ra2 Nb5 25. Nxb5 axb5 26. Bxd4 Qxd4 27. Ra6 Rb6
28. Rxb6 Rxb6 29. Rd1 Qb4 30. f4 c4 31. Qe2 c3 32. e5 dxe5 33. fxe5 Qxb2 34.
Qxb2 cxb2 35. e6 fxe6 36. dxe6 Rxe6 37. Rb1 Rb6 38. Rxb2 b4 39. Kf2 Kf7 40. Ke3
Ke6 41. Kd4 Kd6 42. Be2 Ne5 43. h4 Nc6+ 44. Kc4 Na5+ 45. Kd4 b3 46. h5 g5 47.
Bd3 h6 48. Rf2 Nc6+ 49. Kc3 Ne5 50. Bb1 Ng4 51. Rf8 Ke5 52. Rf5+ Ke6 53. Rf8
Nf6 54. Rh8 Ke5 55. Bg6 b2 0-1

[Event "12. Sueder Sommerpokal"]
[Site "Recklinghausen"]
[Date "2001.08.11"]
[Round "8"]
[White "Saltaev, Mihail"]
[Black "Ciornei, Dragos"]
[Result "1-0"]
[WhiteElo "2510"]
[BlackElo "2168"]
[PlyCount "97"]

1. e4 e5 2. Nf3 Nc6 3. Bb5 f5 4. Nc3 fxe4 5. Nxe4 d5 6. Ng3 Bg4 7. h3 Bxf3 8.
Qxf3 Nf6 9. O-O Qd6 10. d4 e4 11. Qc3 O-O-O 12. Bxc6 Qxc6 13. Qxc6 bxc6 14. Be3
Bd6 15. Ne2 Rhf8 16. c4 Nh5 17. Rfc1 Nf4 18. Nxf4 Bxf4 19. Rc3 Bxe3 20. fxe3
Rf5 21. Rac1 Rd7 22. cxd5 cxd5 23. a4 Rf6 24. b4 a6 25. Rc6 Rxc6 26. Rxc6 Kb7
27. Re6 Rf7 28. Re8 c6 29. Rg8 Kb6 30. Rb8+ Ka7 31. Rh8 h6 32. a5 Rb7 33. Rg8
Rf7 34. h4 Kb7 35. Kh2 Kc7 36. Kg3 Kd6 37. Rd8+ Ke6 38. Ra8 Rb7 39. Rxa6 Kd7
40. Kg4 g5 41. hxg5 hxg5 42. Kxg5 Rxb4 43. g4 Rb1 44. Ra8 Re1 45. Kf4 Rf1+ 46.
Ke5 Rf3 47. g5 Rxe3 48. g6 Rg3 49. g7 1-0

[Event "12. Sueder Sommerpokal"]
[Site "Recklinghausen"]
[Date "2001.08.11"]
[Round "8"]
[White "Kern, Guido"]
[Black "Busch, Christian"]
[Result "1/2-1/2"]
[WhiteElo "2334"]
[BlackElo "2112"]
[PlyCount "63"]

1. c4 c5 2. Nf3 Nc6 3. Nc3 g6 4. e3 Nf6 5. d4 cxd4 6. exd4 d5 7. Bg5 Be6 8.
Bxf6 exf6 9. Be2 Bb4 10. O-O O-O 11. c5 Bxc3 12. bxc3 b6 13. Qa4 Na5 14. Rab1
Qc7 15. Rfc1 Rfd8 16. cxb6 axb6 17. Qb5 Nc4 18. Bxc4 Qxc4 19. Qxc4 dxc4 20. Rb2
Ra3 21. Nd2 Bd5 22. Nf1 Be4 23. Ne3 Bd3 24. Rxb6 f5 25. g3 Rxa2 26. Rb4 Rc8 27.
h4 h6 28. Rb5 Kg7 29. Re1 Ra3 30. Rc1 Ra2 31. Kg2 Re8 32. Re1 1/2-1/2

[Event "12. Sueder Sommerpokal"]
[Site "Recklinghausen"]
[Date "2001.08.11"]
[Round "8"]
[White "Kummerow, Heiko"]
[Black "Parado, Dominado"]
[Result "1-0"]
[WhiteElo "2297"]
[BlackElo "2107"]
[PlyCount "47"]

1. e4 c5 2. Nf3 d6 3. d4 cxd4 4. Nxd4 Nf6 5. Nc3 e6 6. Be2 a6 7. O-O Be7 8. Kh1
Qc7 9. f4 O-O 10. Qe1 b5 11. a3 Bb7 12. Bf3 Nbd7 13. e5 Bxf3 14. exf6 Bxg2+ 15.
Kxg2 Nxf6 16. Qg3 Qb7+ 17. Qf3 d5 18. Be3 Rac8 19. Nce2 Ne4 20. Rad1 b4 21.
axb4 Qxb4 22. Bc1 Bf6 23. c3 Qc4 24. Ng3 1-0

[Event "12. Sueder Sommerpokal"]
[Site "Recklinghausen"]
[Date "2001.08.11"]
[Round "8"]
[White "Nebel, Jens"]
[Black "Kartsev, Soel"]
[Result "0-1"]
[WhiteElo "2022"]
[BlackElo "2236"]
[PlyCount "50"]

1. e4 d5 2. exd5 Nf6 3. d4 Nxd5 4. c4 Nb6 5. Nf3 g6 6. c5 Nd5 7. Bc4 c6 8. Nc3
Bg7 9. Qb3 O-O 10. Nxd5 cxd5 11. Bxd5 Nc6 12. Bxc6 bxc6 13. Be3 Be6 14. Qa4 Bd5
15. Ke2 Rb8 16. b3 a5 17. Rad1 Rb4 18. Qa3 Bxf3+ 19. gxf3 Bxd4 20. Bxd4 Rxd4
21. Rxd4 Qxd4 22. Qxa5 Rd8 23. Kf1 Rd5 24. Qe1 Qd3+ 25. Kg2 Rg5+ 0-1

[Event "12. Sueder Sommerpokal"]
[Site "Recklinghausen"]
[Date "2001.08.11"]
[Round "8"]
[White "Michalczak, Thomas"]
[Black "Grosse-Frintrop, Gerd"]
[Result "1/2-1/2"]
[WhiteElo "2232"]
[BlackElo "2084"]
[PlyCount "119"]

1. d4 g6 2. c4 Nf6 3. Nc3 Bg7 4. e4 d6 5. Nf3 O-O 6. Be2 e5 7. O-O Nc6 8. d5
Ne7 9. Ne1 Ne8 10. Be3 f5 11. f3 f4 12. Bf2 g5 13. c5 Bd7 14. a4 h5 15. Nb5
Bxb5 16. Bxb5 Nf6 17. Kh1 g4 18. Bg1 Ng6 19. Be2 g3 20. h3 Nh7 21. Nd3 Qh4 22.
Re1 Ng5 23. Bf1 Nh8 24. a5 Nhf7 25. Qc2 Kh8 26. Ra4 Rg8 27. Rb4 Bf6 28. Rxb7
Rg7 29. cxd6 cxd6 30. Bxa7 Rag8 31. Rb8 Bd8 32. Qc8 Bxa5 33. Qf5 Bxe1 34. Nxe1
Rxb8 35. Bxb8 Nh7 36. Ba7 Nh6 37. Qc8+ Rg8 38. Qe6 Qf6 39. Qd7 Rg7 40. Qe8+ Qf8
41. Qb8 Qxb8 42. Bxb8 Rd7 43. b4 Nf7 44. Ba6 Nf6 45. b5 Rd8 46. Bc7 Ra8 47. Nd3
Nd7 48. h4 Kg7 49. Kg1 Nb8 50. Nb4 Nxa6 51. Nxa6 Kf6 52. Kf1 Ke7 53. Ke2 Nd8
54. Kd3 Nb7 55. Kc4 Kd7 56. Bb8 Kc8 57. Bc7 Kd7 58. Bb8 Kd8 59. Kb4 Kc8 60. Bc7
1/2-1/2

[Event "12. Sueder Sommerpokal"]
[Site "Recklinghausen"]
[Date "2001.08.11"]
[Round "8"]
[White "Hilmer, Frank"]
[Black "Matrisch, Gerd"]
[Result "1-0"]
[WhiteElo "2216"]
[BlackElo "1799"]
[PlyCount "53"]

1. d4 Nf6 2. c4 e6 3. Nc3 b6 4. e4 Bb7 5. Bd3 Bb4 6. Qe2 c5 7. d5 e5 8. f4 d6
9. fxe5 dxe5 10. Bd2 Bxc3 11. Bxc3 Qd6 12. Nf3 Nbd7 13. Nh4 g6 14. O-O h5 15.
Qf2 Rh7 16. Qg3 O-O-O 17. Nf3 Re8 18. Ng5 Rg7 19. Rf3 Rf8 20. Raf1 Qe7 21. Rxf6
Nxf6 22. Bxe5 Ne8 23. Bxg7 Nxg7 24. e5 Kd8 25. Qf4 Ke8 26. e6 f5 27. Qb8+ 1-0

[Event "12. Sueder Sommerpokal"]
[Site "Recklinghausen"]
[Date "2001.08.11"]
[Round "8"]
[White "Servaty, Rudolf"]
[Black "von Beers, Rainer"]
[Result "1-0"]
[WhiteElo "2255"]
[BlackElo "1864"]
[PlyCount "117"]

1. d4 Nf6 2. c4 g6 3. Nc3 d5 4. Nf3 Bg7 5. Bg5 Ne4 6. Bh4 c5 7. cxd5 Nxc3 8.
bxc3 Qxd5 9. e3 cxd4 10. cxd4 Bg4 11. Be2 Nc6 12. O-O O-O 13. Bg3 Rad8 14. Qa4
Rfe8 15. Rac1 Bd7 16. Qa3 Bf8 17. Qb2 b6 18. Bc4 Qa5 19. h4 e6 20. Ng5 Ba3 21.
Qe2 Bxc1 22. Rxc1 f6 23. Ne4 Kg7 24. Nd6 Re7 25. Nb7 Qa3 26. Rd1 Ree8 27. Nxd8
Rxd8 28. Bb5 Nb4 29. Bc4 Ba4 30. Rd2 Kf7 31. Kh2 Nd5 32. e4 Ne7 33. d5 exd5 34.
exd5 Kg7 35. d6 Nf5 36. Qe6 Nxg3 37. fxg3 Rd7 38. Qg8+ Kh6 39. Qf8+ Rg7 40.
Qxf6 Qe3 41. Rf2 Rd7 42. Qf8+ Rg7 43. Rf7 Qd4 44. Be6 Bc6 45. Rxg7 Qxg7 46.
Qf4+ g5 47. hxg5+ Qxg5 48. d7 Bxd7 49. Bxd7 Kg6 50. Be8+ Kh6 51. Qh4+ Qxh4+ 52.
gxh4 Kg7 53. g4 Kf6 54. Bb5 Ke5 55. Kg3 Kd4 56. Kf4 Kc5 57. Bd3 h6 58. g5 hxg5+
59. hxg5 1-0

[Event "12. Sueder Sommerpokal"]
[Site "Recklinghausen"]
[Date "2001.08.11"]
[Round "8"]
[White "Pirs, Matjaz"]
[Black "Heckoetter, Christian"]
[Result "1-0"]
[WhiteElo "2248"]
[BlackElo "1967"]
[PlyCount "68"]

1. d4 Nf6 2. Bf4 e6 3. e3 b6 4. Nd2 Bb7 5. Ngf3 Nh5 6. Bg5 Be7 7. Bxe7 Qxe7 8.
c3 d6 9. Be2 Nd7 10. a4 O-O 11. O-O Nhf6 12. a5 e5 13. b4 Ne4 14. a6 Nxc3 15.
axb7 Nxd1 16. bxa8=Q Rxa8 17. Rfxd1 e4 18. Ne1 c5 19. Nc2 Nf6 20. Ra6 Nd5 21.
Rda1 cxd4 22. Nxd4 Nxb4 23. Rxb6 Nd5 24. Rba6 Nf6 25. Nc4 h5 26. Nxd6 Rd8 27.
N6f5 Qc5 28. Rxa7 Rd7 29. Rxd7 Nxd7 30. Ng3 g6 31. Nxe4 Qe5 32. Nd2 Kg7 33.
N2f3 Qc5 34. h4 f6 1-0

[Event "12. Sueder Sommerpokal"]
[Site "Recklinghausen"]
[Date "2001.08.11"]
[Round "8"]
[White "Haenisch, Jens"]
[Black "Zaragatski, Ilja"]
[Result "0-1"]
[WhiteElo "2057"]
[BlackElo "2248"]
[PlyCount "84"]

1. d4 Nf6 2. Bg5 Ne4 3. Bf4 c5 4. e3 Qa5+ 5. c3 Nf6 6. d5 Qb6 7. b3 e6 8. e4
exd5 9. exd5 Bd6 10. Bg5 Be7 11. Bc4 O-O 12. Ne2 h6 13. Be3 d6 14. O-O Nbd7 15.
f4 Qa5 16. Ng3 Nb6 17. Qd3 Nxc4 18. bxc4 Re8 19. h3 Bf8 20. Nd2 Qa4 21. Rfe1 b6
22. Nf5 g6 23. Ng3 Bg7 24. f5 g5 25. Rf1 Ba6 26. Bf2 Re5 27. Rfe1 Rxd5 28. Qf3
Bxc4 29. Nde4 Rf8 30. Nxf6+ Bxf6 31. Nh5 Bh8 32. h4 Qc2 33. f6 Rf5 34. Qg3 Bxf6
35. Nxf6+ Rxf6 36. hxg5 Rg6 37. Be3 hxg5 38. Rac1 Qf5 39. a4 Re8 40. Bd2 Rxe1+
41. Rxe1 Kg7 42. Re8 Qf1+ 0-1

[Event "12. Sueder Sommerpokal"]
[Site "Recklinghausen"]
[Date "2001.08.11"]
[Round "8"]
[White "Hoefker, Mathias"]
[Black "Gassmann, Volker"]
[Result "0-1"]
[WhiteElo "2241"]
[BlackElo "2188"]
[PlyCount "98"]

1. d4 Nf6 2. Nf3 d5 3. c4 dxc4 4. e3 e6 5. Bxc4 c5 6. O-O Nc6 7. Qe2 cxd4 8.
Rd1 Be7 9. exd4 O-O 10. Nc3 Nb4 11. Ne5 a6 12. a3 Nbd5 13. Bd3 Bd7 14. Nxd5
Nxd5 15. Qe4 f5 16. Qe2 Ba4 17. Re1 Rc8 18. g4 Bg5 19. Nf3 Bxc1 20. Qxe6+ Kh8
21. Raxc1 Rxc1 22. Rxc1 Nf4 23. Qe3 fxg4 24. Ne5 Nh3+ 25. Kg2 Nf4+ 26. Kg1 Bb3
27. Be4 Bd5 28. Kh1 h5 29. f3 gxf3 30. Qxf3 Kg8 31. Rf1 a5 32. Bxd5+ Qxd5 33.
Qxd5+ Nxd5 34. Rxf8+ Kxf8 35. Kg2 g5 36. Kf3 Ke7 37. Ke4 Ke6 38. a4 Nf6+ 39.
Kd3 g4 40. Nc4 h4 41. Ke3 Nd5+ 42. Ke4 h3 43. Ne5 g3 44. Nf3 Nf6+ 45. Kd3 gxh2
46. Nxh2 Kf5 47. Kc4 Kf4 48. d5 Kg3 49. Nf1+ Kf2 0-1

[Event "12. Sueder Sommerpokal"]
[Site "Recklinghausen"]
[Date "2001.08.11"]
[Round "8"]
[White "Iounoussov, Maksim"]
[Black "Woller, Rainer"]
[Result "0-1"]
[WhiteElo "2007"]
[BlackElo "2234"]
[PlyCount "88"]

1. e4 e6 2. Nc3 d5 3. Nf3 Nf6 4. e5 Nfd7 5. d4 c5 6. dxc5 Nc6 7. Bf4 Bxc5 8.
Bd3 f6 9. exf6 Nxf6 10. Qe2 O-O 11. O-O-O a6 12. Ne5 Bd6 13. Bg3 Qc7 14. Nxc6
bxc6 15. Rhe1 a5 16. Na4 Bd7 17. Nc5 Bxg3 18. hxg3 Rae8 19. Qe5 Qxe5 20. Rxe5
Bc8 21. f3 Nd7 22. Nxd7 Bxd7 23. Rh1 g6 24. Rh4 Ra8 25. c4 Rfb8 26. c5 Rb4 27.
a3 Rb3 28. Bc2 Rb5 29. b4 axb4 30. axb4 Rab8 31. Re3 Rxb4 32. Rxb4 Rxb4 33. Ra3
Rb7 34. f4 Kf7 35. Ra6 Rb5 36. Ra7 Ke7 37. Ra8 Rxc5 38. Rh8 e5 39. Rxh7+ Kd8
40. Kd2 e4 41. Bd1 d4 42. Rg7 Bf5 43. g4 e3+ 44. Ke1 Be4 0-1

[Event "12. Sueder Sommerpokal"]
[Site "Recklinghausen"]
[Date "2001.08.11"]
[Round "8"]
[White "Fahnenschmidt, Willi"]
[Black "Frohne, Gerd"]
[Result "1-0"]
[WhiteElo "2130"]
[BlackElo "2233"]
[PlyCount "105"]

1. e4 e6 2. d4 d5 3. exd5 exd5 4. Bd3 Nc6 5. c3 Bd6 6. Nf3 Nge7 7. O-O Bg4 8.
Re1 Qd7 9. Nbd2 O-O-O 10. b4 Ng6 11. b5 Nce7 12. Qa4 Kb8 13. Ba3 f6 14. h3 Nf4
15. Bf1 h5 16. Bxd6 Qxd6 17. Qb4 Qxb4 18. cxb4 Nf5 19. Nh2 Nxd4 20. hxg4 Nc2
21. g3 Nxa1 22. Rxa1 Ng6 23. gxh5 Rxh5 24. Nhf3 Ne5 25. Re1 c6 26. bxc6 bxc6
27. Nd4 Rdh8 28. Bg2 Rc8 29. a3 g5 30. N2b3 g4 31. Nc5 Kc7 32. Rc1 Kd6 33. b5
Nc4 34. Nb7+ Kc7 35. bxc6 Nxa3 36. Ne6+ Kb6 37. Nf4 Rxc6 38. Rxc6+ Kxc6 39.
Nxh5 f5 40. Ng7 Nc4 41. Nxf5 Ne5 42. Na5+ Kb5 43. Bxd5 Kxa5 44. Ne3 Kb4 45. Be6
a5 46. Nxg4 Nf3+ 47. Kg2 Nd4 48. Bd7 Nb5 49. Ne3 a4 50. Nd5+ Kc5 51. Bxb5 a3
52. Nc3 Kb4 53. Bd7 1-0

[Event "12. Sueder Sommerpokal"]
[Site "Recklinghausen"]
[Date "2001.08.11"]
[Round "8"]
[White "Weisskopf, Lutz"]
[Black "Pusch, Hermann"]
[Result "1-0"]
[WhiteElo "2042"]
[BlackElo "2169"]
[PlyCount "119"]

1. e4 c5 2. Nf3 Nc6 3. Bb5 Nf6 4. Bxc6 bxc6 5. e5 Nd5 6. O-O e6 7. d3 Be7 8.
Nbd2 O-O 9. Ne4 f6 10. c4 Nb4 11. Be3 fxe5 12. a3 Na6 13. Nxe5 Qc7 14. f4 d5
15. Ng3 Bf6 16. Qg4 Bd7 17. Nh5 Bxe5 18. fxe5 Qxe5 19. Bh6 Qd4+ 20. Qxd4 cxd4
21. Bxg7 Rf5 22. Rxf5 exf5 23. Bxd4 Kf7 24. cxd5 cxd5 25. Rf1 Be6 26. h3 Nc7
27. Rc1 Ne8 28. Rc6 Bd7 29. Rc5 Ke6 30. Nf4+ Kd6 31. Rxd5+ Kc6 32. b4 Nc7 33.
Rc5+ Kb7 34. Be5 Na6 35. Rd5 Be8 36. Ne6 Rc8 37. b5 Nb8 38. Bxb8 Kxb8 39. a4
Bf7 40. Rd6 Bxe6 41. Rxe6 Rc1+ 42. Kf2 Ra1 43. Rf6 Rxa4 44. Rxf5 Kc7 45. Rh5
Kb6 46. Ke3 Ra2 47. g4 h6 48. Kd4 Ra4+ 49. Kc3 Rf4 50. d4 Rf1 51. Rxh6+ Kxb5
52. Rh5+ Kb6 53. h4 a5 54. Rf5 Rc1+ 55. Kb2 Rc4 56. Rf4 Kb5 57. g5 Kb4 58. g6
a4 59. g7 a3+ 60. Kb1 1-0

[Event "12. Sueder Sommerpokal"]
[Site "Recklinghausen"]
[Date "2001.08.11"]
[Round "8"]
[White "Zeier, Robert"]
[Black "Goralski, Christian"]
[Result "0-1"]
[WhiteElo "2034"]
[BlackElo "2149"]
[PlyCount "68"]

1. e4 d5 2. exd5 Nf6 3. d4 Bg4 4. f3 Bf5 5. Bb5+ c6 6. dxc6 Qa5+ 7. Nc3 Nxc6 8.
Qe2 O-O-O 9. Bxc6 bxc6 10. Qc4 Qb6 11. Nge2 e5 12. dxe5 Nd5 13. Nxd5 Rxd5 14.
Be3 Bc5 15. Bxc5 Rxc5 16. Qf4 Bxc2 17. Rc1 Bg6 18. Rxc5 Qxc5 19. Qd4 Qa5+ 20.
b4 Qxa2 21. Qc3 Kb7 22. Nd4 Qd5 23. O-O Re8 24. Nb3 Ka8 25. Na5 Re6 26. f4 Be4
27. Nc4 Rg6 28. Ne3 Qa2 29. g3 Qe2 30. Qd4 Rh6 31. Rf2 Qe1+ 32. Nf1 Bd5 33. f5
g6 34. Re2 Qxe2 0-1

[Event "12. Sueder Sommerpokal"]
[Site "Recklinghausen"]
[Date "2001.08.11"]
[Round "8"]
[White "Goihl, Mona"]
[Black "Litwak, Aleksej"]
[Result "1-0"]
[WhiteElo "2134"]
[BlackElo "1955"]
[PlyCount "37"]

1. e4 c5 2. Nf3 e6 3. c3 Nf6 4. e5 Nd5 5. d4 cxd4 6. cxd4 d6 7. Nc3 Nc6 8. exd6
Bxd6 9. Bc4 Be7 10. O-O O-O 11. Re1 Bf6 12. Ne4 Be7 13. a3 b6 14. Qd3 Bb7 15.
Ba2 Re8 16. Bb1 g6 17. Nfg5 h6 18. Nxf7 Kxf7 19. Nd6+ 1-0

[Event "12. Sueder Sommerpokal"]
[Site "Recklinghausen"]
[Date "2001.08.11"]
[Round "8"]
[White "Mueller, Herbert"]
[Black "Cordes, Mary Ann"]
[Result "1/2-1/2"]
[WhiteElo "2121"]
[BlackElo "1931"]
[PlyCount "120"]

1. d4 Nf6 2. Nf3 g6 3. Bg5 Bg7 4. Nbd2 O-O 5. e4 d6 6. c3 Nbd7 7. Qc2 h6 8. Bh4
c6 9. h3 Qc7 10. g4 e5 11. dxe5 Nxe5 12. Nxe5 dxe5 13. Bc4 b5 14. Be2 Be6 15.
f3 a5 16. Nb3 Nd7 17. Bg3 a4 18. Nd4 Nc5 19. Nxe6 Nxe6 20. O-O Rfd8 21. Rfd1
Bf8 22. b4 axb3 23. axb3 Rxa1 24. Rxa1 Bc5+ 25. Kh1 Be3 26. Rd1 Nf4 27. Kh2 Qe7
28. Rxd8+ Qxd8 29. Qd1 Qb6 30. Bf1 Bf2 31. Bxf4 exf4 32. Qd2 Bg3+ 33. Kg2 Qc5
34. b4 Qg5 35. c4 Qh4 36. cxb5 Be1 37. Qe2 cxb5 38. Qxb5 Qf2+ 39. Kh1 Qxf3+ 40.
Bg2 Qd1 41. Qf1 Qd2 42. b5 Bf2 43. Bf3 Bb6 44. Bg2 Qe3 45. Qd1 Qc5 46. Qf1 h5
47. gxh5 Qxh5 48. Qxf4 Qxb5 49. Qc1 Qe5 50. Bf3 Qg3 51. Bg4 Be3 52. Qd1 Qf2 53.
e5 Bf4 54. Qe2 Qxe2 55. Bxe2 Bxe5 56. Kg2 Kg7 57. Bf3 f5 58. Bc6 Kf6 59. Bb7 g5
60. Bc6 Bd4 1/2-1/2